000 00389nam a22001577a 4500
005 20250812115810.0
020 _a978-81-203-2058-1
041 _aENG
100 _aGayakwad.R.A
245 _aOp -Amps And Linear Integrated Circuits
250 _aFourth Edition
260 _aNew Delhi
_bPHI Learning Private Limited
_c2012
300 _a543
650 _aEOES
856 _uEOES ( 11 )
999 _c1190
_d1190